00538nam a2200181Ia 4500008004100000041000800041082001600049100001800065245004200083260003000125300000800155365001100163650001500174650002800189942001200217999001900229952010800248140306s9999 xx 000 0 und d aeng a150bKAU/BI aKawshal Goyal aBinny's CSPE review Book : Psychology aDelhibGeneral Book Depot a296 bRs.100 aMotivation aPersonality development 2ddccBK c181317d181317 00102ddc4070aKAUCBVbKAUCBVd2004-11-02g100.00l0o150 KAU/BIr2014-03-22 00:00:00w2014-03-22yBK